00342nam a2200109Ia 4500008004100000020002200041040002900063050002400092100001800116245006700134260003100201221021s9999||||xx |||||||||||||| ||und|| a978-0-07-352614-0 cChuka University Library aPN 4781 b.H37 2006 aHarroewer Tim 0aInside reporting:a practical guide to the craft of journalism  aBoston bMcGraw-Hillc2006